000 00435nam a22001817a 4500
003 MPLRDC
005 20220104143104.0
008 210129b ||||| |||| 00| 0 eng d
020 _a7-80038-041-6
082 _a297 LYZ
100 _a吕应钟
245 _a星空碟影
_c
250 _a一版一刷
260 _a中国
_b兵器工业出版社
_c1988
300 _b
650 _a异象奇闻; 奇迹
942 _cBK
_o297 LYZ
999 _c36509
_d36499